Canadian Prime Ministers in Order - Statistics

General Stats
  • This quiz has been taken 170 times
    44 since last reset
  • The average score is 24 of 29
Answer Stats
Years Political Party Prime Minister % Correct
1867-1973 Liberal-Conservative John A. Macdonald
100%
2015-2025 Liberal Justin Trudeau
94%
2025-Present Liberal Mark Carney
94%
2006-2015 Conservative Stephen Harper
94%
1984-1993 Progressive Conservative Brian Mulroney
89%
1993-2003 Liberal Jean Chrétien
89%
1957-1963 Progressive Conservative John Diefenbaker
89%
1980-1984 Liberal Pierre Trudeau
89%
1979-1980 Progressive Conservative Joe Clark
83%
1993 Progressive Conservative Kim Campbell
83%
1963-1968 Liberal Lester B. Pearson
83%
1968-1979 Liberal Pierre Trudeau
83%
1930-1935 Conservative R. B. Bennett
83%
1911-1920 Unionist (Conservative) Robert Borden
83%
1896-1911 Liberal Wilfred Laurier
83%
1935-1948 Liberal William Lyon Mackenzie King
83%
1873-1878 Liberal Alexander Mackenzie
78%
1984 Liberal John Turner
78%
2003-2006 Liberal Paul Martin
78%
1921-1926 Liberal William Lyon Mackenzie King
78%
1926-1930 Liberal William Lyon Mackenzie King
78%
1896 Conservative Charles Tupper
72%
1891-1892 Liberal-Conservative John Abbott
72%
1878-1891 Liberal-Conservative John A. Macdonald
72%
1948-1957 Liberal Louis St. Laurent
72%
1920-1921 Conservative Arthur Meighen
67%
1926 Conservative Arthur Meighen
67%
1892-1894 Liberal-Conservative John Thompson
67%
1894-1896 Conservative Mackenzie Bowell
67%
No matching quizzes found
Score Distribution
Percent of People with Each Score
Percentile by Number Answered
Your Score History
You have not taken this quiz since the last reset